00639cam a22002171 4500001001300000003000400013005001700017008004100034010001700075035001900092040003800111042001200149050001500161100003300176245003700209260003100246300001900277500005400296650005400350999001700404ca 30000104 DLC20260227111122.0790524s1921 pl 000 0apol  aca 30000104  a(OCoLC)5002028 aDLCcNBrockUdNBrockUdOCoLCdDLC apremarc00aD640b.G161 aStrug, Andrzej,d1871?-1937.10aOdznaka za wierna̜ służbe̜. aWarszawa,b"Ignis",c1921. a118 p.c22 cm. aAuthor's pseud., Andrzej Strug, at head of title. 0aWorld War, 1914-1918xPersonal narratives, Polish c16584d16584